000
00299nam a22001337a 4500
008
170727b xxu||||| |||| 00| 0 eng d
020
_a
9788120313804
041
_a
eng
080
_a
004
100
_a
29
101
_a
SHKI
245
_a
DISTRIBUTED OPERATING SYSTEMS
_c
SINHA,P.K
942
_2
udc
_c
BK
999
_c
22017
_d
22017